|
|
|
|
| LEADER |
01199nam a2200301 u 4500 |
| 001 |
10022752 |
| 003 |
upatras |
| 005 |
20210117205709.0 |
| 008 |
990123s1999 us eng |
| 020 |
|
|
|a 0071346732
|
| 040 |
|
|
|a GR-PaULI
|c GR-PaULI
|
| 041 |
0 |
|
|a eng
|
| 082 |
0 |
4 |
|a 005.13
|
| 100 |
1 |
|
|a Narayanan, S.
|9 148297
|
| 245 |
1 |
0 |
|a Enterprise Java developer's guide
|c S. Narayanan, Junhe Liu
|
| 260 |
|
|
|a New York
|b McGraw-Hill
|c 1999
|
| 300 |
|
|
|a xxvii, 473 p.
|b fig.
|c 24 cm.
|e 1 cd-rom
|
| 490 |
1 |
|
|a McGraw-Hill enterprise computing series
|
| 504 |
|
|
|a Includes index
|
| 650 |
|
4 |
|a Ηλεκτρονικοί υπολογιστές
|x Γλώσσες προγραμματισμού
|9 263
|
| 650 |
|
4 |
|a Java (Γλώσσα προγραμματισμού)
|9 1418
|
| 700 |
1 |
|
|a Liu, Junhe
|9 148298
|
| 760 |
1 |
|
|a McGraw-Hill enterprise computing series
|
| 852 |
|
|
|a GR-PaULI
|b ΠΑΤΡΑ
|b ΒΚΠ
|b ΒΣ1
|k ΑΣΧΞ
|h 005.13 N
|m 044633
|p 025000057223
|t 1
|
| 942 |
|
|
|2 ddc
|c BK15
|
| 952 |
|
|
|0 0
|1 0
|4 0
|6 005_130000000000000_N
|7 0
|9 187766
|a LISP
|b LISP
|c BSC
|d 2016-04-24
|i 044633
|l 0
|o 005.13 N
|p 025000057223
|r 2016-04-24 00:00:00
|t 1
|w 2016-04-24
|y BK15
|
| 998 |
|
|
|c ΠΑΝΑΓΟΠΟΥΛΟΥ
|d 1999-06
|
| 999 |
|
|
|c 115822
|d 115822
|